| 000 | 02220cam a2200457 i 4500 | ||
|---|---|---|---|
| 001 | 14073155 | ||
| 003 | EG-ScBUE | ||
| 005 | 20230710105101.0 | ||
| 008 | 050812s2006 enka f b 001 0 eng d | ||
| 020 | _a052161807X (pbk.) | ||
| 020 | _a9780521618076 | ||
| 035 | _a(OCoLC)ocm61361511 | ||
| 040 |
_aDLC _beng _erda _cDLC _dBAKER _dC#P _dDLC _dEG-ScBUE |
||
| 043 |
_an-us--- _af------ _aa------ |
||
| 082 | 0 | 4 |
_a909.09767 _222 _bMAR |
| 100 | 1 |
_aMarr, Timothy, _d1960- _eauthor. _94106 |
|
| 245 | 1 | 4 |
_aThe cultural roots of American Islamicism / _cTimothy Marr, University of North Carolina at Chapel Hill. |
| 264 | 1 |
_aCambridge : _bCambridge University Press, _c2006. |
|
| 300 |
_axii, 309 pages : _billustrations ; _c23 cm |
||
| 336 |
_2rdacontent _atext _btxt |
||
| 337 |
_2rdamedia _aunmediated _bn |
||
| 338 |
_2rdacarrier _avolume _bnc |
||
| 504 | _aIncludes bibliographical references and index. | ||
| 650 | 7 |
_aIslam _xPublic opinion _xHistory. _2BUEsh _94107 |
|
| 650 | 7 |
_aOrientalism _zUnited States _xHistory. _2BUEsh _94108 |
|
| 650 | 7 |
_aPublic opinion _zUnited States _xHistory. _2BUEsh _94109 |
|
| 650 | 7 |
_aIslam and politics _zUnited States _xHistory. _2BUEsh _94110 |
|
| 650 | 7 |
_aReligion and sociology _zUnited States _xHistory. _2BUEsh _94111 |
|
| 651 | 7 |
_aUnited States _xCivilization _y1783-1865. _2BUEsh _94112 |
|
| 651 | 7 |
_aIslamic countries _xForeign public opinion, American. _2BUEsh _94113 |
|
| 651 | 7 |
_aIslamic countries _xRelations _2BUEsh _zUnited States. _94114 |
|
| 651 | 7 |
_aUnited States _xRelations _zIslamic countries. _2BUEsh _94115 |
|
| 651 | 7 |
_aUnited States _xIntellectual life _y1783-1865. _2BUEsh _94116 |
|
| 655 | _vReading book | ||
| 856 | 4 | 1 |
_3Table of contents _uhttp://www.loc.gov/catdir/toc/ecip0517/2005022675.html |
| 856 | 4 | 2 |
_3Publisher description _uhttp://www.loc.gov/catdir/enhancements/fy0633/2005022675-d.html |
| 856 | 4 | 2 |
_3Contributor biographical information _uhttp://www.loc.gov/catdir/enhancements/fy0733/2005022675-b.html |
| 856 | 4 | 2 |
_3Book review (H-Net) _uhttp://www.h-net.org/review/hrev-a0f4l0-aa |
| 942 |
_2ddc _cBB |
||
| 999 |
_c11394 _d11394 |
||